Fundamentals of signals and systems: using matlab (Record no. 171948)

000 -LEADER
fixed length control field 00407nam a2200133Ia 4500
008 - FIXED-LENGTH DATA ELEMENTS--GENERAL INFORMATION
fixed length control field 220217s9999||||xx |||||||||||||| ||und||
020 ## - INTERNATIONAL STANDARD BOOK NUMBER
International Standard Book Number 0-02-361942-2
082 ## - DEWEY DECIMAL CLASSIFICATION NUMBER
Classification number 621.382 2 KAM
100 ## - MAIN ENTRY--PERSONAL NAME
Personal name Kamen, Edward, W Heck, Bonnies, S
9 (RLIN) 3453
245 #0 - TITLE STATEMENT
Title Fundamentals of signals and systems: using matlab
260 ## - PUBLICATION, DISTRIBUTION, ETC.
Place of publication, distribution, etc. Prentice hall
Name of publisher, distributor, etc. New Jersey
Date of publication, distribution, etc. 1997
300 ## - PHYSICAL DESCRIPTION
Other physical details 1200
650 ## - SUBJECT ADDED ENTRY--TOPICAL TERM
Topical term or geographic name entry element SIGNAL PROCESSING
9 (RLIN) 719
Holdings
Withdrawn status Lost status Damaged status Not for loan Collection code Home library Current library Shelving location Date acquired Full call number Barcode Date last seen Price effective from Koha item type
        Electronics and Communication Engineering Central Library Central Library Reference 02/18/2022 621.382 2 KAM 7137 02/18/2022 02/18/2022 Books

Powered by Koha